| 000 | 00836cab a22001935a 4500 | ||
|---|---|---|---|
| 001 | L154459 | ||
| 008 | 111207e20111104xxk 000 0 eng d | ||
| 035 | _a(Sirsi) u154459 | ||
| 041 | 0 | _aeng | |
| 100 | 1 | _ale Roux, Hein | |
| 245 | 0 | 0 |
_aCost model _btemporary venues |
| 260 | _c2011 | ||
| 490 |
_aBuilding _v276 (8706) 2 December 2011, 42-47(6) |
||
| 520 | _aLooks at temporary venues for sporting events; introduction, catering for size and scale, trends in major sporting event growth, event vision versus legacy vision, infrastructure and transport, environmental protection and sustainability, accommodation demands from games stakeholders, capital expenditure and finance options, temporary venue cost model; Olympics. | ||
| 590 | _aKA | ||
| 651 | 4 | _aInternational | |
| 690 | _aBUILT ENVIRONMENT-BUILDING COSTS | ||
| 942 | _n0 | ||
| 999 |
_c83627 _d83627 |
||